आधुनिक एकलव्य (Record no. 835421)

MARC details
000 -LEADER
fixed length control field 00555nam a2200169Ia 4500
008 - FIXED-LENGTH DATA ELEMENTS--GENERAL INFORMATION
fixed length control field 110201s9999 xx 000 0 und d
082 ## - DEWEY DECIMAL CLASSIFICATION NUMBER
Item number B10007
Classification number S 2326
100 ## - MAIN ENTRY--PERSONAL NAME
Personal name नाडकर्णी सुरेश
245 ## - TITLE STATEMENT
Title आधुनिक एकलव्य
260 ## - PUBLICATION, DISTRIBUTION, ETC. (IMPRINT)
Name of publisher, distributor, etc ग्रंथाली
365 ## - TRADE PRICE
Price amount 45
600 ## - SUBJECT ADDED ENTRY--PERSONAL NAME
Personal name नाडकर्णी सुरेश
630 ## - SUBJECT ADDED ENTRY--UNIFORM TITLE
Uniform title आधुनिक एकलव्य
700 ## - ADDED ENTRY--PERSONAL NAME
Personal name नाडकर्णी सुरेश
730 ## - ADDED ENTRY--UNIFORM TITLE
Uniform title आधुनिक एकलव्य
942 ## - ADDED ENTRY ELEMENTS (KOHA)
Koha item type Book
Holdings
Withdrawn status Lost status Damaged status Not for loan Home library Current library Date acquired Cost, normal purchase price Total Checkouts Barcode Date last seen Cost, replacement price Price effective from Koha item type
        Prof.Manikrao Kirtane Vachanalaya, Vashi, Navi Mumbai Prof.Manikrao Kirtane Vachanalaya, Vashi, Navi Mumbai 02/01/2011 45.00   PMKV-B10007 02/01/2011 45.00 02/01/2011 Book